Central Library OPAC University of Rajshahi

Outline of Arabic contributions to medicine / (Record no. 22760)

MARC details
000 -LEADER
fixed length control field 00736cam a22002531 4500
001 - CONTROL NUMBER
control field 22760
003 - CONTROL NUMBER IDENTIFIER
rucl marc code BD-RjUL
005 - DATE AND TIME OF LATEST TRANSACTION
control field 20211209000840.0
008 - FIXED-LENGTH DATA ELEMENTS--GENERAL INFORMATION
fixed length control field 140309s1946 le a b 000 0 eng d
035 ## - SYSTEM CONTROL NUMBER
System control number (BD-RjUL)22825
040 ## - CATALOGING SOURCE
Original cataloging agency DLC/ICU
Transcribing agency ICU
Modifying agency DLC
-- BD-RjUL
Language of cataloging eng
041 ## - LANGUAGE CODE
Language code of text/sound track or separate title eng
082 00 - DEWEY DECIMAL CLASSIFICATION NUMBER
Classification number 610.953
Author mark and year KHO 1946
100 1# - MAIN ENTRY--PERSONAL NAME
Personal name Khairallah, Amin A.,
Dates associated with a name 1889-
9 (RLIN) 70206
245 10 - TITLE STATEMENT
Title Outline of Arabic contributions to medicine /
Statement of responsibility, etc. by Amin A. Khairallah.
260 ## - PUBLICATION, DISTRIBUTION, ETC. (IMPRINT)
Place of publication, distribution, etc. Beirut :
Date of publication, distribution, etc. 1946.
Name of publisher, distributor, etc. American Press,
300 ## - PHYSICAL DESCRIPTION
Pagination 228 p. :
Illustrations illus. ;
Size 24 cm.
504 ## - BIBLIOGRAPHY, ETC. NOTE
Bibliography, etc Includes bibliography.
650 #0 - SUBJECT ADDED ENTRY--TOPICAL TERM
Topical term or geographic name as entry element Medicine, Arab.
9 (RLIN) 37825
Topical term or geographic name as entry element Science, Medieval.
9 (RLIN) 24538
942 ## - ADDED ENTRY ELEMENTS (KOHA)
Source of classification or shelving scheme Dewey Decimal Classification
Koha item type Books
Holdings
Lost status Source of classification or shelving scheme Damaged status Not for loan Collection code Permanent Location Current Location Shelving location Date acquired Source of acquisition Cost, normal purchase price Total Checkouts Full call number Date last seen Copy number Koha item type
  Dewey Decimal Classification   Added to bundle Non-fiction Central Library, University of Rajshahi Central Library, University of Rajshahi Reading Room 29/11/1962 Zeitlinger 49.00   610.953 KHO 1946 09/03/2014 C-1 Books